| 000 | 00000nam##2200000za#4500 |
| 001 | 9.581347 |
| 003 | CaOODSP |
| 005 | 20210624191454 |
| 007 | cr ||||||||||| |
| 008 | 150406|2015||||xxc|||||o f|0| 0 eng|d |
| 020 | |a978-1-100-25497-5 |
| 022 | |a1205-9153 |
| 040 | |aCaOODSP|beng |
| 043 | |an-cn--- |
| 086 | 1 |aCS11-0019/365E-PDF |
| 245 | 00|aSource-country female labour force participation and the wages of immigrant women in Canada / |h[electronic resource]|cby Kristyn Frank and Feng Hou. |
| 260 | |aOttawa - Ontario : |bStatistics Canada |cJanuary 2015. |
| 300 | |a27p.|bgraphs, references, tables |
| 490 | 1 |aAnalytical Studies Branch research paper series|x1205-9153|v365 |
| 590 | |a15-05|b2015-01-30 |
| 710 | 2 |aStatistics Canada. |
| 775 | 08|tL'activité féminine dans le pays d'origine et les salaires des immigrantes au Canada / |w(CaOODSP)9.608157 |
| 830 | #0|aResearch paper series (Statistics Canada. Analytical Studies Branch)|x1205-9153|v365|w(CaOODSP)9.504421 |
| 856 | 40|ahttp://publications.gc.ca|qPDF|s703 KB|uhttps://publications.gc.ca/collections/collection_2015/statcan/11f0019m/11f0019m2015365-eng.pdf|y365 |